Statistics for Guess the city by its skyline

Click here to take the quiz!

General Stats

  • This quiz has been taken 16 times
  • The average score is 11 of 16

Answer Stats

Answer% Correct
Chicago
92%
New York
92%
Paris
92%
Sydney
92%
Dubai
85%
London
85%
Los Angeles
85%
Shanghai
85%
San Francisco
69%
Toronto
69%
Hong Kong
54%
Moscow
54%
Tokyo
54%
Guangzhou
46%
Orlando
46%
Shenzhen
46%

Score Distribution

Percentile by Number Answered

Percent of People with Each Score

Your Score History

You have not taken this quiz